000 00741nam a22002897a 4500
005 20260213190009.0
008 160224b2007 xxu||||| |||| 00| 0 spa d
020 _a9789974578876
041 _aESP
082 _a364 EL37i
100 _aElbert, Carlos Alberto
_94747
245 _aInseguridad, víctimas y victimarios: Argentina 2001 -2007
260 _aUruguay
260 _bEditorial B de F
260 _c2007
300 _a374 páginas
490 _aInvestigación Criminal
650 _aCRIMINOLOGÍA
650 _aSECUESTRO
650 _aVÍCTIMAS
650 _aLEGISLACIÓN
650 _aPROBLEMAS SOCIALES
650 _aDELITOS
650 _aPOLÍTICA CRIMINAL
650 _aDERECHOS HUMANOS
942 _cBK
_2ddc
999 _c7702
_d7702